Lejislación política, administrativa i judicial o sea colección completa de las leyes i decretos dictados en Chile i vijentes en 30 de junio de 1898
Պահպանված է:
| Հիմնական հեղինակներ: | , |
|---|---|
| Ձևաչափ: | Գիրք |
| Լեզու: | իսպաներեն |
| Հրապարակվել է: |
Santiago
Roma
1898
|
| Խորագրեր: | |
| Ցուցիչներ: |
Ավելացրեք ցուցիչ
Չկան պիտակներ, Եղեք առաջինը, ով նշում է այս գրառումը!
|
MARC
| LEADER | 00000nam a2200000 a 4500 | ||
|---|---|---|---|
| 001 | UCR4154 | ||
| 003 | CL-VaPUC | ||
| 008 | 980307e18980000CL |||||||||||||||||spa|d | ||
| 082 | 0 | 4 | |a 349.83 |b BOZ |2 21 |
| 100 | 0 | |a Boza L., Agustín |e author |9 403838 | |
| 700 | 0 | |a Anguita Acuña, Ricardo |e author |9 403839 | |
| 245 | 1 | 0 | |a Lejislación política, administrativa i judicial o sea colección completa de las leyes i decretos dictados en Chile i vijentes en 30 de junio de 1898 |
| 300 | |a 2 t | ||
| 942 | |c BK | ||
| 945 | |d 19980307 00:00:00 |a cmena | ||
| 260 | |a Santiago |b Roma |c 1898 | ||
| 650 | 7 | |a DERECHO CHILENO |2 CL-VaPUC |9 403840 | |
| 650 | 7 | |a LEGISLACION |2 CL-VaPUC |9 403841 | |
| 650 | 0 | |a Derecho administrativo |9 254851 | |
| 650 | 0 | |a Derecho civil |9 255013 | |
| 650 | 0 | |a Derecho constitucional |9 222588 | |
| 650 | 0 | |a Derecho comercial |9 256340 | |
| 650 | 7 | |a DERECHO PENAL |2 CL-VaPUC |9 11 | |
| 650 | 0 | |a Derecho militar |9 255065 | |
| 650 | 0 | |a Historia constitucional |9 256052 | |
| 651 | 7 | |a CHILE |2 CL-VaPUC |9 403842 | |
| 583 | |a last modification |c 19980307 00:00:00 |k Rodrigo Vera | ||
| 999 | |c 267105 |d 267103 | ||
| 952 | |0 0 |1 0 |4 0 |6 349_830000000000000_BOZ_1898 |7 0 |8 X |9 299282 |a BIBDER |b BIBDER |d 2019-11-20 |h t.1 |i 1958062 |o 349.83 BOZ 1898 |p 1958062 |r 2023-01-25 |w 2019-11-20 |y BK_X |k DER | ||
| 952 | |0 0 |1 0 |4 0 |6 349_830000000000000_BOZ_1898 |7 0 |8 X |9 299283 |a BIBDER |b BIBDER |d 2019-11-20 |h t.2 |i 1958070 |o 349.83 BOZ 1898 |p 1958070 |r 2023-01-25 |w 2019-11-20 |y BK_X |k DER | ||